000 00620nam a22002297a 4500
003 UA-OsUOA
001 39036
007 ta
008 20060605b un ||||| |||| 00| 0 ukr d
100 _aДир. Дж.
090 _a284
_bД47
942 _cBK
040 _aUA-OsUOA
_brus
_cUA-OsUOA
_dUA-OsUOA
245 _aУдивлен силой Святого Духа
300 _a302 с.
955 _a4
041 _arus
080 _a284
260 _aК.
_bВысшая Духовная Школа
_c2003
650 7 _a28 Християнські церкви, секти, конфесії
_2UDC
999 _c325187
_d325187